[Event "Titled Tue 24th Jun Late"]
[Site "chess.com INT"]
[Date "2025.06.24"]
[Round "3"]
[White "Pullela, Sricharan"]
[Black "Tang, Dylan"]
[Result "0-1"]
[BlackTitle "FM"]
[WhiteElo "2144"]
[BlackElo "2236"]
[WhiteFideId "30951089"]
[BlackFideId "30972531"]
[EventDate "2025.06.24"]

1. c4 Nf6 2. Nc3 e5 3. g3 d5 4. cxd5 Nxd5 5. Bg2 Be6 6. Nf3 Nc6 7. d3 Be7 8. O-O
O-O 9. Bd2 f6 10. Nxd5 Bxd5 11. Bc3 Qd7 12. a3 a5 13. Rc1 Rfd8 14. Qd2 Be6 15.
Qe3 Rac8 16. Nd2 Nd4 17. Ne4 b6 18. Bxd4 Qxd4 19. Nc3 Qxe3 20. fxe3 Bc5 21. Kf2
f5 22. Nd1 f4 23. gxf4 exf4 24. b4 axb4 25. axb4 fxe3+ 26. Nxe3 Bxb4 27. Nc4
Bc5+ 28. Ke1 Rf8 29. Rxf8+ Rxf8 30. e3 g6 31. d4 Bb4+ 32. Ke2 c5 33. Nxb6 cxd4
34. exd4 Bg4+ 35. Ke3 Re8+ 36. Kd3 Be2+ 37. Kc2 Ba5 38. Bd5+ Kg7 39. Nc4 Bc7 40.
Rb1 Bxh2 41. Rb7+ Kh6 42. Nd2 Bf4 43. Bf3 Bxd2 0-1

[Event "Titled Tue 24th Jun Late"]
[Site "chess.com INT"]
[Date "2025.06.24"]
[Round "3"]
[White "Zhukovskyi, Oleksandr"]
[Black "Kona, Vidip"]
[Result "1-0"]
[WhiteTitle "CM"]
[WhiteElo "2145"]
[BlackElo "2023"]
[WhiteFideId "14169371"]
[BlackFideId "30990440"]
[EventDate "2025.06.24"]

1. e4 c6 2. d4 d5 3. exd5 cxd5 4. Bd3 Nf6 5. h3 Nc6 6. c3 g6 7. Nf3 Bf5 8. Be2
Bg7 9. Bf4 O-O 10. O-O Re8 11. Nbd2 h5 12. Ne5 Nxe5 13. Bxe5 Nd7 14. Bxg7 Kxg7
15. Re1 Nf6 16. Bb5 Bd7 17. Bd3 Bf5 18. Bxf5 gxf5 19. Re5 e6 20. Nf1 Nd7 21. Re3
h4 22. Nh2 Rh8 23. Nf3 Nf6 24. Ne5 Ne4 25. Qf3 Qg5 26. Rae1 Rag8 27. Rxe4 dxe4
28. Rxe4 f6 29. Rg4 fxg4 30. Qxb7+ Kh6 31. Nf7+ 1-0

[Event "Titled Tue 24th Jun Late"]
[Site "chess.com INT"]
[Date "2025.06.24"]
[Round "3"]
[White "Cieslak, Patryk"]
[Black "Ersoz, Teoman Guney"]
[Result "1-0"]
[WhiteTitle "FM"]
[BlackTitle "CM"]
[WhiteElo "2442"]
[BlackElo "2052"]
[WhiteFideId "21078882"]
[BlackFideId "44537050"]
[EventDate "2025.06.24"]

1. Nf3 Nf6 2. d4 g6 3. Nbd2 d5 4. e3 Bg7 5. b4 a5 6. b5 c5 7. bxc6 Nxc6 8. c4
O-O 9. Be2 Ne4 10. Nxe4 dxe4 11. Nd2 e5 12. d5 Nb4 13. Ba3 Qg5 14. g3 Bf5 15. g4
Bd7 16. Nxe4 Qh4 17. Nc5 Bc8 18. Rb1 f5 19. Bxb4 axb4 20. d6 fxg4 21. O-O b6 22.
Qd5+ Kh8 23. Qxa8 bxc5 24. Qg2 e4 25. Rbd1 Bd7 26. Qxe4 Rf5 27. Qe7 Qh3 28. Rd5
Bc6 29. d7 Rxd5 30. d8=R+ Rxd8 31. Qxd8+ Bf8 32. Qxf8# 1-0

[Event "Titled Tue 24th Jun Late"]
[Site "chess.com INT"]
[Date "2025.06.24"]
[Round "3"]
[White "Mishra, Abhimanyu"]
[Black "Mei, Austin"]
[Result "1-0"]
[WhiteTitle "GM"]
[BlackTitle "FM"]
[WhiteElo "2611"]
[BlackElo "2280"]
[WhiteFideId "30920019"]
[BlackFideId "30948479"]
[EventDate "2025.06.24"]

1. e4 e5 2. Nf3 Nc6 3. Bc4 Nf6 4. d3 h6 5. O-O d6 6. c3 g5 7. Nbd2 Bg7 8. Bb3
O-O 9. h3 Be6 10. Re1 Ne7 11. Nf1 Ng6 12. Ng3 Qd7 13. d4 exd4 14. Nxd4 Kh7 15.
Bc2 Ne5 16. Ndf5 Rfe8 17. f4 gxf4 18. Bxf4 Ng6 19. Bd2 Bf8 20. Qf3 Ng8 21. Nh5
Ne5 22. Qg3 Qd8 23. Nfg7 Nf6 24. Nxf6+ Qxf6 25. Nxe8 Rxe8 26. Rf1 Qe7 27. Bb3
Nc4 28. Be3 Bg7 29. Bd4 Ne5 30. Qf2 c5 31. Bxe5 Bxe5 32. Bxe6 fxe6 33. Qf7+ Kh8
34. Qg6 Rf8 35. Qxh6+ Kg8 36. Rxf8+ Qxf8 37. Qxe6+ Kg7 38. Qg4+ Kh8 39. Qf5 Qh6
40. Rf1 Qe3+ 41. Kh1 Qg3 42. Qf8+ Kh7 43. Rf7+ Kg6 44. Qg8+ Kh5 45. Rh7# 1-0

[Event "Titled Tue 24th Jun Late"]
[Site "chess.com INT"]
[Date "2025.06.24"]
[Round "3"]
[White "Zeliantsova, Kseniya"]
[Black "Gimeno Martos, Roberto"]
[Result "1-0"]
[WhiteTitle "WFM"]
[BlackTitle "CM"]
[WhiteElo "2062"]
[BlackElo "2090"]
[WhiteFideId "13512617"]
[BlackFideId "2226804"]
[EventDate "2025.06.24"]

1. e4 g6 2. d4 Bg7 3. Nf3 d6 4. Bd3 Nc6 5. c3 e5 6. dxe5 Nxe5 7. Nxe5 dxe5 8.
O-O c6 9. Qe2 Be6 10. Nd2 Ne7 11. Nf3 O-O 12. Bg5 Qc7 13. Bc4 Bxc4 14. Qxc4 h6
15. Bh4 g5 16. Bg3 Ng6 17. h4 g4 18. h5 Nf4 19. Nh4 Nxh5 20. Nf5 Qb6 21. Qe2
Nxg3 22. Nxg3 Kh8 23. Qxg4 Rg8 24. Qh5 c5 25. Qxf7 Raf8 26. Qh5 Kh7 27. Nf5 Rf6
28. Rad1 Qe6 29. Rd6 Qf7 30. Qxf7 Rxf7 31. Rfd1 Bf8 32. Rd7 Rxd7 33. Rxd7+ Kg6
34. Rxb7 Kg5 35. Rxa7 Kf4 36. Rf7 Kxe4 37. a4 c4 38. a5 h5 39. Ng3+ Kd5 40. Nxh5
Bc5 41. Nf6+ 1-0

[Event "Titled Tue 24th Jun Late"]
[Site "chess.com INT"]
[Date "2025.06.24"]
[Round "3"]
[White "Vakhidov, Jakhongir"]
[Black "Plichta, Kamil"]
[Result "1-0"]
[WhiteTitle "GM"]
[BlackTitle "FM"]
[WhiteElo "2539"]
[BlackElo "2361"]
[WhiteFideId "14201801"]
[BlackFideId "1141830"]
[EventDate "2025.06.24"]

1. c4 g6 2. Nc3 Bg7 3. Nf3 d6 4. d4 Nf6 5. g3 O-O 6. Bg2 Nbd7 7. O-O e5 8. e4
exd4 9. Nxd4 Re8 10. h3 Nc5 11. Re1 h6 12. Rb1 a6 13. Nb3 Nfd7 14. Qc2 Ne5 15.
Nxc5 dxc5 16. Rd1 Bd7 17. Be3 b6 18. b3 Nc6 19. e5 Nxe5 20. Bf4 Rb8 21. Qc1 g5
22. Bxe5 Bxe5 23. Qc2 Bxc3 24. Qxc3 Qe7 25. Re1 Be6 26. Bc6 Red8 27. Bd5 Rd6 28.
Re3 Qf8 29. Bxe6 Rxe6 30. Rxe6 fxe6 31. Re1 Re8 32. Qe5 Qg7 33. Qe4 Qf7 34. h4
a5 35. hxg5 hxg5 36. Qg4 Qf6 37. Re3 Kg7 38. Rf3 Qg6 39. Re3 Re7 40. Re5 Kf6 41.
f4 gxf4 42. Qxf4+ Qf5 43. Rxf5+ exf5 44. g4 Re5 45. Qh6+ Ke7 46. Qh7+ Kd6 47.
gxf5 a4 48. f6 axb3 49. axb3 Re6 50. f7 Ke7 51. Qg7 Rf6 52. f8=Q+ 1-0

[Event "Titled Tue 24th Jun Late"]
[Site "chess.com INT"]
[Date "2025.06.24"]
[Round "3"]
[White "Bachmann, Axel"]
[Black "Risteski, Emil"]
[Result "1/2-1/2"]
[WhiteTitle "GM"]
[BlackTitle "IM"]
[WhiteElo "2570"]
[BlackElo "2374"]
[WhiteFideId "3700488"]
[BlackFideId "15005267"]
[EventDate "2025.06.24"]

1. e4 d6 2. d4 Nf6 3. Nc3 e5 4. Nge2 c6 5. a4 Be7 6. h3 O-O 7. g3 Nbd7 8. Bg2 b6
9. O-O a6 10. f4 h5 11. Be3 Bb7 12. Qd2 b5 13. axb5 axb5 14. Rxa8 Qxa8 15. Nd1
Re8 16. Nf2 Bf8 17. g4 hxg4 18. hxg4 exd4 19. Nxd4 Nc5 20. e5 dxe5 21. fxe5 Rxe5
22. Bf4 Re8 23. Nf5 Nce4 24. Nxe4 Nxe4 25. Qd3 c5 26. Re1 c4 27. Qd7 Bc6 28. Qc7
Rc8 29. Qe5 Nf6 30. Nh6+ gxh6 31. Qxf6 Qa7+ 32. Be3 Bc5 33. Qxh6 Bxe3+ 34. Rxe3
Re8 35. Qg5+ Kf8 36. Qh6+ Kg8 37. Qg5+ Kf8 38. Qh6+ Kg8 1/2-1/2

[Event "Titled Tue 24th Jun Late"]
[Site "chess.com INT"]
[Date "2025.06.24"]
[Round "3"]
[White "Sheehan, Ethan"]
[Black "Chakrabarti, Brejesh"]
[Result "1-0"]
[BlackTitle "FM"]
[WhiteElo "2364"]
[BlackElo "2282"]
[WhiteFideId "30943965"]
[BlackFideId "30969280"]
[EventDate "2025.06.24"]

1. e4 c5 2. Nf3 Nc6 3. d4 cxd4 4. Nxd4 g6 5. Nc3 Bg7 6. Be3 Nf6 7. Bc4 O-O 8.
Bb3 d5 9. exd5 Na5 10. Nde2 a6 11. O-O b5 12. Bd4 Bb7 13. Nf4 Qc7 14. g3 Rad8
15. Re1 Rd7 16. Qe2 Rfd8 17. Rad1 Nxb3 18. axb3 b4 19. Be5 Qa5 20. Ra1 Qc5 21.
Na4 Qa7 22. Qd2 Nxd5 23. Bxg7 Kxg7 24. Nxd5 Rxd5 25. Qxb4 Rd2 26. Nc5 Ba8 27.
Rxa6 Qc7 28. Rxa8 Rxa8 29. Ne6+ fxe6 30. Qxd2 Rc8 31. c4 Kf7 32. Qc3 Rb8 33. b4
Rb6 34. b5 Rb7 35. Rc1 Qc5 36. b4 Qf5 37. Kg2 g5 38. Qe3 g4 39. b6 Kg6 40. c5 1-0

[Event "Titled Tue 24th Jun Late"]
[Site "chess.com INT"]
[Date "2025.06.24"]
[Round "3"]
[White "Hobson, Kenneth"]
[Black "Volodin, Alexandr E."]
[Result "1/2-1/2"]
[WhiteTitle "FM"]
[BlackTitle "FM"]
[WhiteElo "2361"]
[BlackElo "2344"]
[WhiteFideId "480819"]
[BlackFideId "34268871"]
[EventDate "2025.06.24"]

1. e4 c5 2. Nf3 d6 3. d4 cxd4 4. Nxd4 Nf6 5. Nc3 a6 6. Bg5 e6 7. f4 Be7 8. Qf3
Qc7 9. O-O-O Nbd7 10. g4 h6 11. Bxf6 Bxf6 12. Be2 Nb6 13. h4 Bd7 14. g5 Bxd4 15.
Rxd4 O-O-O 16. Rhd1 Bc6 17. Qd3 d5 18. exd5 Nxd5 19. Nxd5 Bxd5 20. Kb1 hxg5 21.
hxg5 Bc6 22. c3 Rxd4 23. Qxd4 Rd8 24. Qe3 Rxd1+ 25. Bxd1 Qd6 26. Bf3 Bb5 27. Kc2
Ba4+ 28. b3 Bb5 29. c4 Bc6 30. Bxc6 Qxc6 31. Qd4 g6 32. Qh8+ Kc7 33. Qe5+ Qd6
34. Qf6 Qd7 35. c5 Kc6 36. b4 a5 37. a3 axb4 38. axb4 Kb5 39. Kc3 Qd5 40. Qxf7
Qc4+ 41. Kd2 Qxb4+ 42. Ke2 Qe4+ 43. Kf2 Kxc5 44. Qc7+ Qc6 45. Qe5+ Qd5 46. Qc3+
Kd6 47. Kg3 b5 48. Qa3+ Qc5 49. Qd3+ Qd5 50. Qxg6 b4 51. Qg8 b3 52. Qf8+ Kc6 53.
Qe8+ Kc5 54. Qc8+ Kb4 55. g6 Qd3+ 56. Kf2 Qxg6 57. Qb7+ Kc3 58. Qc7+ Kb2 59.
Qe5+ Kb1 60. Qe1+ Kb2 61. Qe5+ Ka2 62. Qa5+ Kb2 63. Qe5+ 1/2-1/2

[Event "Titled Tue 24th Jun Late"]
[Site "chess.com INT"]
[Date "2025.06.24"]
[Round "3"]
[White "Martinez Fernandez, Adrian"]
[Black "Zepeda Berlanga, Jan Enrique"]
[Result "1-0"]
[WhiteTitle "IM"]
[BlackTitle "CM"]
[WhiteElo "2404"]
[BlackElo "1984"]
[WhiteFideId "32049048"]
[BlackFideId "5132355"]
[EventDate "2025.06.24"]

1. e4 e5 2. Nf3 Nc6 3. Bb5 a6 4. Ba4 d6 5. O-O Bg4 6. h3 h5 7. c3 Qf6 8. d3 Ne7
9. Nbd2 g5 10. Bxc6+ Nxc6 11. Qb3 O-O-O 12. a4 Qg6 13. Nh2 Be6 14. Qd1 g4 15. h4
g3 16. fxg3 Qg7 17. Qe1 Rg8 18. Rf3 Be7 19. Qf2 Rdf8 20. Ndf1 d5 21. Ne3 dxe4
22. dxe4 Qg6 23. Nf5 Bxf5 24. exf5 Qd6 25. f6 Qd1+ 26. Qf1 Bc5+ 27. Be3 Qxf1+
28. Nxf1 Bd6 29. Bg5 Re8 30. Re1 Re6 31. Nd2 Bc5+ 32. Kh2 Bb6 33. Ne4 Na5 34.
Re2 Rd8 35. Be3 Rd1 36. Ng5 Red6 37. Bxb6 1-0

[Event "Titled Tue 24th Jun Late"]
[Site "chess.com INT"]
[Date "2025.06.24"]
[Round "3"]
[White "Mkrtchyan, Mariam"]
[Black "Savitha, Shri B"]
[Result "0-1"]
[WhiteTitle "WIM"]
[BlackTitle "IM"]
[WhiteElo "2307"]
[BlackElo "2293"]
[WhiteFideId "13310828"]
[BlackFideId "35061887"]
[EventDate "2025.06.24"]

1. Nf3 c5 2. c4 Nc6 3. g3 d5 4. cxd5 Qxd5 5. Nc3 Qd8 6. Bg2 Nf6 7. O-O e5 8. d3
Be7 9. Be3 O-O 10. Rc1 Ng4 11. Bd2 Be6 12. h3 Nf6 13. Ng5 Bd7 14. a3 Rc8 15.
Nge4 Nxe4 16. dxe4 Nd4 17. e3 Nb5 18. Nd5 Be6 19. Qe2 Nd6 20. Bc3 Bxd5 21. exd5
Bf6 22. e4 Re8 23. h4 b5 24. Rc2 a5 25. Rfc1 Qb6 26. Bd2 c4 27. Qe1 Ra8 28. Kh2
h6 29. Bf1 Rec8 30. f3 Qd8 31. Kg2 Nb7 32. Be3 Be7 33. b3 cxb3 34. Rc6 Bxa3 35.
Rb1 Bb4 36. Qe2 Nd6 37. Bb6 Qd7 38. Rxc8+ Rxc8 39. Rxb3 Nc4 40. Bf2 Bd6 0-1

[Event "Titled Tue 24th Jun Late"]
[Site "chess.com INT"]
[Date "2025.06.24"]
[Round "3"]
[White "Kourkoulos-Arditis, Stamatis"]
[Black "Tan, Zhongyi"]
[Result "1-0"]
[WhiteTitle "GM"]
[BlackTitle "GM"]
[WhiteElo "2580"]
[BlackElo "2546"]
[WhiteFideId "4221990"]
[BlackFideId "8603642"]
[EventDate "2025.06.24"]

1. Nf3 d5 2. e3 c5 3. b3 f6 4. Nh4 Nh6 5. d4 Nf7 6. c4 cxd4 7. exd4 e5 8. Nc3
Bb4 9. Bd2 dxc4 10. Bxc4 exd4 11. Qe2+ Qe7 12. Qxe7+ Bxe7 13. Nb5 Na6 14. O-O
O-O 15. Nxd4 Rd8 16. Be3 Kf8 17. Rad1 Ne5 18. Be6 Nc5 19. Bxc8 Rdxc8 20. Nhf5
Kf7 21. f4 Ng4 22. Nxe7 Nxe3 23. Nxc8 Rxc8 24. Nb5 Kg6 25. Rfe1 Nxd1 26. Rxd1 a6
27. Nd6 Rd8 28. Rd2 1-0

[Event "Titled Tue 24th Jun Late"]
[Site "chess.com INT"]
[Date "2025.06.24"]
[Round "3"]
[White "Bustelo, Tabare"]
[Black "Gerbelli Neto, Eduardo"]
[Result "1/2-1/2"]
[WhiteTitle "CM"]
[WhiteElo "2043"]
[BlackElo "2114"]
[WhiteFideId "3000362"]
[BlackFideId "2103281"]
[EventDate "2025.06.24"]

1. d4 d5 2. Bg5 c5 3. dxc5 f6 4. Bh4 Qa5+ 5. Nc3 e6 6. e4 dxe4 7. Bb5+ Bd7 8.
Bxd7+ Nxd7 9. Ne2 e3 10. O-O Bxc5 11. fxe3 Bxe3+ 12. Kh1 Ne7 13. Qd3 Bb6 14.
Rad1 Ne5 15. Qh3 Nf5 16. Rxf5 exf5 17. Qxf5 O-O 18. Ne4 Rad8 19. Rf1 Ng6 20.
Qe6+ Kh8 21. Be1 Qe5 22. Qc4 Rc8 23. Qd3 Rfd8 24. Qf3 Re8 25. N2g3 Rxc2 26. Bc3
Rxc3 27. Nxc3 Bc7 28. Nce4 Nh4 29. Qg4 Ng6 30. h4 Qxb2 31. h5 Ne5 32. Qf5 Qb5
33. Nxf6 gxf6 34. Qxf6+ Kg8 35. Qg5+ Kh8 36. Qf6+ Kg8 37. Qg5+ Kh8 38. Qf6+ 1/2-1/2

[Event "Titled Tue 24th Jun Late"]
[Site "chess.com INT"]
[Date "2025.06.24"]
[Round "3"]
[White "Leiva, Gianmarco"]
[Black "Caruana, Fabiano"]
[Result "0-1"]
[WhiteTitle "IM"]
[BlackTitle "GM"]
[WhiteElo "2387"]
[BlackElo "2777"]
[WhiteFideId "3804399"]
[BlackFideId "2020009"]
[EventDate "2025.06.24"]

1. e4 e5 2. Nf3 Nc6 3. Bb5 a6 4. Ba4 Nge7 5. c3 Ng6 6. d4 exd4 7. cxd4 d5 8. e5
Bb4+ 9. Bd2 Bxd2+ 10. Nbxd2 O-O 11. O-O Nb4 12. Bc2 Nxc2 13. Qxc2 c6 14. b4 f6
15. a4 fxe5 16. dxe5 Nf4 17. Rfe1 Qe8 18. Nf1 Bf5 19. Qd2 Be4 20. Ra3 Nh3+ 21.
Kh1 Bxf3 22. Rxf3 Rxf3 23. gxf3 Qf7 24. Qe3 Re8 25. e6 Qf6 26. Ng3 Nf4 27. e7
Kf7 28. Qe5 Qxe5 29. Rxe5 g6 30. Ne2 Nd3 31. Re3 Nxb4 32. a5 Rxe7 33. Rb3 Rxe2
34. Rxb4 Re7 0-1

[Event "Titled Tue 24th Jun Late"]
[Site "chess.com INT"]
[Date "2025.06.24"]
[Round "3"]
[White "Pereyra, Horacio"]
[Black "Ferey, Antonin"]
[Result "1-0"]
[BlackTitle "CM"]
[WhiteElo "2133"]
[BlackElo "2238"]
[WhiteFideId "113700"]
[BlackFideId "36051454"]
[EventDate "2025.06.24"]

1. d4 Nf6 2. Nc3 d5 3. Bg5 Nbd7 4. Qd3 c6 5. e4 dxe4 6. Nxe4 Nxe4 7. Qxe4 Qa5+
8. Bd2 Qb6 9. O-O-O Nf6 10. Qd3 g6 11. Nf3 Bf5 12. Qc3 Ne4 13. Qe3 h5 14. Bc4
Bh6 15. Qe2 Nxd2 16. Nxd2 Qxd4 17. Kb1 O-O 18. Nf3 Qb6 19. Qxe7 Bg7 20. Ne5 Qxf2
21. Bb3 Kh7 22. Rhf1 Qe3 23. Rde1 Qd4 24. Rxf5 Rae8 25. Qg5 gxf5 26. Qxf5+ Kg8
27. Bxf7+ Rxf7 28. Qxf7+ Kh7 29. Qxh5+ 1-0

[Event "Titled Tue 24th Jun Late"]
[Site "chess.com INT"]
[Date "2025.06.24"]
[Round "3"]
[White "Zhu, Linxi"]
[Black "Skatchkov, Pavel"]
[Result "1-0"]
[WhiteTitle "FM"]
[BlackTitle "GM"]
[WhiteElo "2312"]
[BlackElo "2457"]
[WhiteFideId "39900428"]
[BlackFideId "4121848"]
[EventDate "2025.06.24"]

1. Nf3 d5 2. b3 Bg4 3. Ne5 Bf5 4. Bb2 c6 5. g3 e6 6. Bg2 Nf6 7. d3 Nbd7 8. Nd2
Nxe5 9. Bxe5 Bd6 10. Bb2 e5 11. O-O O-O 12. e4 Bg4 13. Qe1 Qd7 14. exd5 Nxd5 15.
Bxe5 Rae8 16. Nc4 f6 17. Nxd6 Rxe5 18. Ne4 f5 19. c4 fxe4 20. cxd5 cxd5 21. dxe4
dxe4 22. Qc3 Qf5 23. Rae1 Rfe8 24. Qc4+ Kh8 25. Re3 h6 26. Rfe1 Rc5 27. Rxe4 Rf8
28. Qd4 Rd5 29. Qxa7 Rdd8 30. Rf4 Qg5 31. Rxf8+ Rxf8 32. Bxb7 Qd2 33. Rf1 Be2
34. Qc5 Rd8 35. Rc1 Qxa2 36. Qe7 Qd2 37. Ra1 Qb2 38. Qxd8+ Kh7 39. Be4+ g6 40.
Ra7+ 1-0

[Event "Titled Tue 24th Jun Late"]
[Site "chess.com INT"]
[Date "2025.06.24"]
[Round "3"]
[White "Klys, Kacper"]
[Black "Alvarez, Leandro"]
[Result "0-1"]
[WhiteTitle "CM"]
[WhiteElo "2218"]
[BlackElo "2143"]
[WhiteFideId "21005281"]
[BlackFideId "132756"]
[EventDate "2025.06.24"]

1. d4 Nf6 2. c4 c5 3. d5 e6 4. Nf3 b5 5. dxe6 fxe6 6. cxb5 a6 7. e3 Be7 8. Nc3
O-O 9. bxa6 Nxa6 10. Bd2 Rb8 11. Qc1 Nb4 12. a3 Nbd5 13. Bd3 Bb7 14. Be2 Nxc3
15. Bxc3 Ne4 16. O-O Nxc3 17. Qxc3 d6 18. Rad1 Bf6 19. Qc2 Bxf3 20. Bxf3 Rxb2
21. Qc4 Qe7 22. Rc1 Be5 23. Bg4 Rf6 24. Bh3 Rg6 25. f4 Qh4 26. Qe4 Qxh3 27. Qxg6
Qxe3+ 28. Kh1 hxg6 29. fxe5 Qe2 30. Rg1 Qxe5 31. a4 Ra2 32. Rce1 Qd5 33. Rd1 Qc6
34. Rde1 e5 35. Rd1 e4 36. Rge1 e3 37. Rg1 d5 38. Rd3 d4 39. Rb3 Qxa4 40. Rb8+
Kh7 41. Rf8 Ra1 42. Rff1 Rxf1 43. Rxf1 e2 44. Re1 d3 45. h3 Qd4 46. Rxe2 dxe2
47. g3 Qf2 48. h4 e1=Q# 0-1

[Event "Titled Tue 24th Jun Late"]
[Site "chess.com INT"]
[Date "2025.06.24"]
[Round "3"]
[White "Brancaleoni, Maurizio"]
[Black "Winkels, Marcel"]
[Result "1-0"]
[WhiteTitle "FM"]
[BlackTitle "CM"]
[WhiteElo "2185"]
[BlackElo "1905"]
[WhiteFideId "803022"]
[BlackFideId "1003887"]
[EventDate "2025.06.24"]

1. Nf3 Nf6 2. c4 Nc6 3. d4 e6 4. g3 Bb4+ 5. Bd2 Bxd2+ 6. Nbxd2 d5 7. Bg2 O-O 8.
O-O b6 9. Rc1 Bb7 10. e3 a5 11. cxd5 exd5 12. Nb1 Re8 13. Nc3 Ba6 14. Re1 Nb8
15. Ne5 c6 16. Bh3 Bc8 17. Bxc8 Qxc8 18. Qb3 Qa6 19. Na4 c5 20. Qxb6 Qxb6 21.
Nxb6 Ra6 22. Na4 c4 23. Nc5 Rb6 24. b3 cxb3 25. axb3 Ne4 26. Ned3 Nc6 27. Nxe4
dxe4 28. Nc5 Nb4 29. Red1 Rc8 30. Nd7 Rbc6 31. Rxc6 Rxc6 32. Nc5 Nd5 33. Nxe4
Rb6 34. Nc5 Nc3 35. Ra1 Rb5 36. Kf1 Kf8 37. Ke1 Ke7 38. Kd2 Nd5 39. Kc2 Kd6 40.
Rxa5 Nb4+ 41. Kc3 Nd5+ 42. Kd2 1-0

[Event "Titled Tue 24th Jun Late"]
[Site "chess.com INT"]
[Date "2025.06.24"]
[Round "3"]
[White "Ferraz, Michel Liah"]
[Black "Hoeffer, David"]
[Result "1-0"]
[BlackTitle "FM"]
[WhiteElo "2007"]
[BlackElo "2295"]
[WhiteFideId "22743219"]
[BlackFideId "24606766"]
[EventDate "2025.06.24"]

1. d4 Nf6 2. c4 e6 3. Nc3 b6 4. e4 Bb7 5. Bd3 d6 6. Nge2 e5 7. O-O Be7 8. f4
Nbd7 9. fxe5 dxe5 10. d5 Bc5+ 11. Kh1 Ng4 12. Qe1 h5 13. Qg3 Qe7 14. h3 O-O-O
15. a3 a5 16. Na4 Ngf6 17. Nxc5 Nxc5 18. b4 Nb3 19. Rb1 Nxc1 20. Rfxc1 axb4 21.
axb4 h4 22. Qf2 Ba6 23. Ra1 Bb7 24. c5 Kb8 25. Ba6 Nxe4 26. Qe3 Bxa6 27. Rxa6
Ng3+ 28. Nxg3 hxg3 29. cxb6 c5 30. dxc6 Rd5 31. c7+ Kb7 32. Ra7+ Kc8 33. Ra8+
Kd7 34. Rxh8 1-0

[Event "Titled Tue 24th Jun Late"]
[Site "chess.com INT"]
[Date "2025.06.24"]
[Round "3"]
[White "Bogaudinov, Rushan"]
[Black "Gomez Aguirre, Juan Alberto"]
[Result "1/2-1/2"]
[WhiteTitle "FM"]
[BlackTitle "FM"]
[WhiteElo "1912"]
[BlackElo "2310"]
[WhiteFideId "4129288"]
[BlackFideId "54587867"]
[EventDate "2025.06.24"]

1. e4 b6 2. g3 Bb7 3. Bg2 f5 4. d3 Nf6 5. Nc3 e5 6. Nge2 Bc5 7. O-O fxe4 8. Nxe4
Nxe4 9. dxe4 O-O 10. Nc3 d6 11. Na4 Nd7 12. Nxc5 bxc5 13. f3 Qe7 14. Be3 Qe6 15.
b3 a5 16. Rf2 a4 17. Bf1 Kh8 18. Bc4 Qe7 19. Bd5 Bxd5 20. Qxd5 Nb6 21. Qd1 Qd7
22. Kg2 Qb5 23. Rb1 axb3 24. axb3 Ra2 25. c4 Rxf2+ 26. Bxf2 Qc6 27. Ra1 Ra8 28.
Be1 Rxa1 29. Qxa1 Qa8 30. Qxa8+ Nxa8 31. f4 exf4 32. gxf4 Kg8 33. Kf3 Kf7 34.
Bc3 g6 35. Kg4 Nb6 36. Kg5 Nd7 37. Kh6 Nf8 38. f5 gxf5 39. exf5 c6 40. Bg7 d5
41. cxd5 cxd5 42. Bc3 d4 43. Bb2 Kf6 44. b4 cxb4 45. Bxd4+ Kxf5 46. Bb2 Kg4 47.
Kg7 Kh3 48. Kxf8 Kxh2 49. Ke7 h5 50. Kd6 Kg3 51. Kc5 b3 52. Kb4 h4 53. Be5+ Kg2
54. Kxb3 h3 55. Kc3 h2 56. Bxh2 1/2-1/2

[Event "Titled Tue 24th Jun Late"]
[Site "chess.com INT"]
[Date "2025.06.24"]
[Round "3"]
[White "Aalto, Patrik"]
[Black "Korchynskyi, Mykola"]
[Result "0-1"]
[WhiteTitle "FM"]
[BlackTitle "FM"]
[WhiteElo "2316"]
[BlackElo "2335"]
[WhiteFideId "510726"]
[BlackFideId "34138005"]
[EventDate "2025.06.24"]

1. c4 e6 2. Nf3 d5 3. g3 Nf6 4. Bg2 Be7 5. O-O O-O 6. b3 b6 7. cxd5 exd5 8. Bb2
Bb7 9. e3 c5 10. d4 Nbd7 11. Nc3 Rc8 12. Rc1 Re8 13. Re1 Nf8 14. Ne2 Ne6 15. Nf4
Ne4 16. Nxe6 fxe6 17. Ne5 cxd4 18. Rxc8 Qxc8 19. Bxe4 dxe4 20. Qxd4 Bf6 21. Rc1
Qd8 22. Qxd8 Rxd8 23. Nc6 Rd2 24. Bxf6 gxf6 25. Nxa7 Rxa2 26. Nb5 Bd5 27. Nd4
Rb2 28. Rc7 Bxb3 29. Re7 Bc4 30. g4 e5 31. Nf5 Be2 32. Rg7+ Kf8 33. Kg2 Rb1 34.
h3 h5 35. Rb7 hxg4 36. Rb8+ Kf7 37. hxg4 Bf3+ 38. Kg3 Rg1+ 39. Kh2 Rb1 40. Kg3
b5 41. Nd6+ Ke6 42. Nxb5 Rg1+ 43. Kh2 Rxg4 44. Rb6+ Kf7 45. Nd6+ Kg6 46. Rb8
Rg2+ 47. Kh3 Rxf2 48. Rg8+ Kh7 49. Rg3 Rf1 50. Rg4 Bxg4+ 51. Kxg4 Kg6 0-1

[Event "Titled Tue 24th Jun Late"]
[Site "chess.com INT"]
[Date "2025.06.24"]
[Round "3"]
[White "Deng, Henry"]
[Black "Patel, Maahir M"]
[Result "1/2-1/2"]
[WhiteTitle "FM"]
[WhiteElo "2327"]
[BlackElo "2106"]
[WhiteFideId "30965454"]
[BlackFideId "30995612"]
[EventDate "2025.06.24"]

1. Nf3 g6 2. g3 Bg7 3. Bg2 e5 4. O-O e4 5. Ne1 d5 6. d3 f5 7. c4 c6 8. cxd5 cxd5
9. Nc3 Nf6 10. Bg5 Be6 11. Rc1 O-O 12. Nc2 Nc6 13. Nb5 h6 14. Be3 Ng4 15. Bc5
Rf7 16. h3 Nge5 17. Ncd4 Nxd4 18. Nxd4 Bd7 19. dxe4 dxe4 20. Qb3 Bc6 21. Nxc6
Nxc6 22. Rfd1 Qf6 23. Rd7 Na5 24. Qd5 Re8 25. Bd4 Qe6 26. Qxe6 Rxe6 27. Rc8+ Bf8
28. Rd5 Nc6 29. Bc5 Ne7 30. Bxe7 Rexe7 31. Rdd8 Kg7 32. e3 g5 33. Bf1 f4 34. Rd4
fxe3 35. fxe3 Rf3 36. Bg2 Rxe3 37. Kf2 Rd3 38. Rxe4 Rxe4 39. Bxe4 Rd2+ 40. Kf3
Rxb2 41. Rc7+ Kf6 42. Bd5 Bd6 43. Rxb7 Rxb7 44. Bxb7 h5 45. g4 hxg4+ 46. hxg4 1/2-1/2

[Event "Titled Tue 24th Jun Late"]
[Site "chess.com INT"]
[Date "2025.06.24"]
[Round "3"]
[White "Saya, Ethan"]
[Black "Soza de la Carrera, Jose"]
[Result "0-1"]
[WhiteTitle "FM"]
[BlackTitle "CM"]
[WhiteElo "2262"]
[BlackElo "2221"]
[WhiteFideId "26095181"]
[BlackFideId "3401278"]
[EventDate "2025.06.24"]

1. e4 e6 2. d4 d5 3. Nd2 dxe4 4. Nxe4 Nd7 5. Nf3 Ngf6 6. Bd3 Nxe4 7. Bxe4 Nf6 8.
Bd3 c5 9. O-O cxd4 10. Nxd4 Be7 11. Bb5+ Bd7 12. Qf3 Bxb5 13. Nxb5 Qb6 14. a4
O-O 15. Be3 Bc5 16. Bxc5 Qxc5 17. c3 a6 18. Nd4 Qc7 19. a5 Rad8 20. Ra3 Rd5 21.
Qg3 Qd8 22. Rb3 Ne4 23. Qe3 Nc5 24. Rb6 e5 25. Nf5 g6 26. Nh6+ Kg7 27. Ng4 f5
28. Qh6+ Kg8 29. Ne3 Rd6 30. Rxd6 Qxd6 31. Rd1 Nd3 32. Nc4 Qd5 33. Nb6 Qxa5 34.
Nd7 Rf7 35. b4 Qa4 36. Qd2 Rxd7 37. h4 Qc6 38. h5 Nf4 39. f3 Rxd2 40. Rxd2 gxh5
41. Rd8+ Kf7 42. Rb8 Qxc3 43. Rc8 Qxc8 0-1